00405pab a2200133 454500008004000000100002100040245011200061260000900173300001300182362001100195650003300206650001700239773001500256180718b2000 xxu||||| |||| 00| 0 eng d aWicks, Elizabeth aThe United Kingdom government's perceptions of the European convention on human rights as the time of entry c2000 ap.438-55 aAutumn aHuman rights - Great Britain aHuman rights aPublic Law